[Event "Paignton Premier 46th"]
[Site "Paignton"]
[Date "1996.09.07"]
[Round "7"]
[White "Peters, Stephen G"]
[Black "Cafferty, Bernard"]
[Result "1/2-1/2"]
[WhiteElo "2215"]
[BlackElo "2240"]
[PlyCount "111"]
[EventDate "1996.09.01"]
[EventType "swiss"]
[EventRounds "7"]
[EventCountry "ENG"]
[SourceTitle "BritBase"]
[Source "John Saunders"]
[SourceDate "2023.06.22"]
[SourceVersion "1"]
[SourceVersionDate "2023.06.22"]
[SourceQuality "1"]

1. d4 Nf6 2. c4 e6 3. Nc3 Bb4 4. a3 Bxc3+ 5. bxc3 c5 6. e3 b6 7. Bd3 Ba6 8. Ne2
Nc6 9. e4 Na5 10. e5 Ng8 11. Ng3 f5 12. exf6 Nxf6 13. Bg5 Qe7 14. Ne4 d5 15.
Nxc5 Bxc4 16. Qa4+ Kf7 17. Bxc4 Nxc4 18. Nd3 Qd7 19. Qxd7+ Nxd7 20. Kd1 Rac8
21. Kc2 Nd6 22. Bd2 Rc4 23. f3 Rhc8 24. Kb3 Nb7 25. Rhe1 Na5+ 26. Kb2 R4c7 27.
Red1 Nc4+ 28. Kc2 e5 29. dxe5 Ncxe5 30. Re1 Nxd3 31. Kxd3 Nc5+ 32. Kc2 Na4 33.
Kd3 Nxc3 34. Re5 Na4 35. Rxd5 Nc5+ 36. Ke2 Nb3 37. Rb1 Nxd2 38. Rxd2 Re7+ 39.
Kf2 Rc3 40. Ra1 Kf6 41. a4 Re5 42. a5 bxa5 43. Rd6+ Ke7 44. Ra6 Rc2+ 45. Kg3
Rg5+ 46. Kf4 Rgxg2 47. Rxa7+ Kf6 48. Ra6+ Kf7 49. Ra7+ Kg6 50. R1xa5 Rc4+ 51.
Ke3 Rc6 52. h4 Re6+ 53. Kf4 Rf6+ 54. Ke3 Rg3 55. Rg5+ Rxg5 56. hxg5 {"Train
time" (BC note) Source: BC scoresheet} 1/2-1/2